000 00388 a2200169 4500
001 44939
020 _a8574120677
040 _cAnchieta - Aquarius
100 _aFerreira, Carlos Alberto de Mattos
240 1 0 _aO movimento da vida
_lpor
245 1 0 _aO movimento da vida
300 _a39
362 0 _a2000
440 1 _aBrinque-book
650 4 _aLiteratura infantil
942 _cBK
999 _c44939
_d44939